Cash management (Record no. 3605)

MARC details
000 -LEADER
fixed length control field 00700nam a2200145 4500
020 ## - INTERNATIONAL STANDARD BOOK NUMBER
ISBN 9788176114325
050 ## - CALL NUMBER
Classification number HG4028
Item number .C45
100 ## - AUTHOR
Personal name S S Modi
245 ## - TITLE
Title Cash management
Statement of responsibility, etc S S Modi
260 ## - PUBLICATION INFORMATION
Place of publication Jaipur,
-- India :
Name of publisher RBSA Publishers,
Year of publication 2007.
300 ## - DESCRIPTION
Number of Pages 144, iv pages :
Other physical details illustrations ;
Dimensions 23 cm
505 ## - FORMATTED CONTENTS NOTE
Table of Content Cash management- An introduction 1-14<br/>Cash management-Basic strategies 15-26<br/>Cash planning & control<br/>Managing cash collections and disbursement 39-51<br/>Managing the cash outflows 52-72<br/>Short Term investment opportunities 73-84<br/>Personal budget 85-121<br/>Determining the optimum cash balance 122-144<br/>
650 ## - SUBJECTS
Topical Term Cash management.
942 ## - ADDED ENTRY ELEMENTS (KOHA)
Koha item type Books
Holdings
Withdrawn status Lost status Collection code Home library Current library Shelving location Date acquired Full call number Accession Number Koha item type
    Reference Methodist University Library Main Methodist University Library Main General Stacks 21/02/2009 HG4028 .C45 23952 Books
    Reference Methodist University Library Main Methodist University Library Main General Stacks 21/02/2009 HG4028 .C45 23950 Books
      Methodist University Library Main Methodist University Library Main General Stacks 21/02/2009 HG4028 .C45 23951 Books
Copyright © 2026  MUG Library